Namestie slobody in Šaštín - reconstruction of public space

Salvato in:
Dettagli Bibliografici
Autore principale: Alexaki, Konstantina-Nefeli (Autore)
Altri autori: Rychterová, Oľga (Relatore della tesi)
Natura: Manoscritto Libro
Lingua:slovacco
inglese
Pubblicazione: Bratislava 2015
Soggetti:
Accesso online:http://is.stuba.sk/zp/portal_zp.pl?podrobnosti=95555
Tags: Aggiungi Tag
Nessun Tag, puoi essere il primo ad aggiungerne!!

MARC

LEADER 00000ntm a22000003a 4500
001 stuzp52692
003 SK-STU
005 20210301082249.9
007 ta
008 150427s2015----xo-----f-mn---000-0-slo-d
040 |a STU  |b slo 
041 0 |a eng 
100 1 |a Alexaki, Konstantina-Nefeli  |u 056160  |4 aut  |U FAD Fakulta architektúry  |T FA Ústav urbanizmu a územného plánovania  |X 46339  |U A6160  |Y 397  |7 46339 
242 0 1 |a Namestie slobody in Šaštín - reconstruction of public space  |y slo 
245 1 0 |a Namestie slobody in Šaštín - reconstruction of public space 
260 |c 2015  |a Bratislava 
650 4 |a Relaxation  |2 slo 
650 4 |a Functionality  |2 slo 
650 4 |a Connectivity  |2 slo 
650 4 |a Simplicity  |2 slo 
650 4 |a Meeting point  |2 slo 
650 4 |a Relaxation  |2 eng 
650 4 |a Functionality  |2 eng 
650 4 |a connectivity  |2 eng 
650 4 |a Simplicity  |2 eng 
650 4 |a Meeting point  |2 eng 
700 1 |a Rychterová, Oľga  |4 ths  |X 4551  |7 A000004551 
856 4 |u http://is.stuba.sk/zp/portal_zp.pl?podrobnosti=95555  |u https://opac.crzp.sk/?fn=detailBiblioForm&sid=1080C1D973035A08732085E98A31 
SQL |a stuzp52692  |b DBP  |c ENG  |d Namestie slobody in Šaštín - reconstruction of public space  |e 46339  |f Alexaki, Konstantina-Nefeli  |g 056160  |h 4551  |i Rychterová, Oľga  |j 20150617  |k 149  |l 05  |m http://is.stuba.sk/zp/portal_zp.pl?podrobnosti=95555  |n B-AU  |o 5.1.1. architektúra a urbanizmus